000 00826cab a2200217 4500
001 WB2848-04
008 090401t1992 xxu||||| |||| 00| 0 eng d
035 _a(Sirsi) u51018
041 _aeng
245 _aCollege buildings` plight
260 _c1992
350 _a0
490 _aGuardian
_v9 December 1992, 8(1)
520 _aAround 80% of further education colleges responding to a survey by KPMG Peat Marwick are dissatisfied with the state of their buildings. Most colleges plan to reorganise their sites. The Further Education Funding Council plans to spend £171 million on buildings and equipment in 1993.
650 _aEDUCATIONAL BUILDINGS
650 _aFUNDING
650 _aMODERNISATION PROGRAMMES
690 _aBUILDING AND CONSTRUCTION-REPAIRS AND MAINTENANCE
942 _n0
948 _c04/03/1997
999 _c31833
_d31833